00918nam a2200265Ia 450000500170000000800410001702000150005810000170007324500820009025000190017230000620019153400290025365000420028265000400032465000380036465000360040270000190043870000310045726400300048833600270051833700330054533800280057804000350060608400110064120220317000737.0160601s2004 sp a g 000 0 spa  a84488195431 aGutman, Anne10aQuiero un elefante! cAnne Gutman, Xavier Deneux ; traducción María Casas a1a. edición  a[14] páginas sin numerarbilustraciones en colorc17 cm tJe veux un éléphant!142LEMBaÁlbumes infantiles franceses 142LEMBaLiteratura infantil francesa 142LEMBaElefantes en la literatura 142LEMBaNiñas en la literatura 1 aDeneux, Xavier1 aCasas, Maríaetraductor  aBarcelona bBeascoac2004 atextobtxt2rdacontent asin mediaciónbn2rdamedia avolumenbnc2rdacarrier aCO-BoRNBPbspaerdacCO-BoRNBP aA GUT1